| 000 | 00392nam a22001457a 4500 | ||
|---|---|---|---|
| 020 | _a97881201313750 | ||
| 040 | _cNust | ||
| 082 |
_a620.4021 _bJON |
||
| 100 |
_aDugan,. E.R _9124109 |
||
| 110 |
_aJones,. B J _9124110 |
||
| 245 | _aEngineering Thermodynamics | ||
| 260 |
_aIndia: _bPrentice halll of india PVT Ltd, _c1996. |
||
| 650 |
_aEngineering Thermodynamics _959703 |
||
| 942 |
_2ddc _cBK |
||
| 999 |
_c610076 _d610076 |
||